[Event "Stepan Avagyan Mem 2025"]
[Site "Jermuk ARM"]
[Date "2025.06.01"]
[Round "4.5"]
[White "Aravindh, Chithambaram VR."]
[Black "Bjerre, Jonas Buhl"]
[Result "1-0"]
[Annotator "Tactical Analysis 7.0"]
[WhiteElo "2749"]
[BlackElo "2641"]
[PlyCount "85"]
[GameId "2184119993603581"]
[EventDate "2025.05.29"]


1. d4 Nf6 2. Bg5 e6 3. Nd2 c5 4. e3 cxd4 5. exd4 h6 6. Bh4 Be7 7. Ngf3 Nc6 {A46: 1 d4 Nf6 2 Nf3 e6: Torre, London and Colle Systems.} 8. c3 O-O 9. Bd3 Nh5 {The position is equal.} 10. Bxe7 Nxe7 11. g3 Qc7 $146 ({Predecessor:} 11... Nf6 12. O-O b6 13. Re1 Bb7 {½-½ Matamoros Franco,C (2504)-Arencibia Rodriguez,W (2527) Guayaquil zt 2.3 2005 (2)}) 12. O-O b6 13. Re1 Bb7 14. Rc1 Nf6 15. c4 Rac8 16. b4 {[%cal Bb2b4,Bb4b5][%mdl 32]} (16. d5 Rfe8 $15) 16... a5 {[%eval 46,20] [%wdl 88,910,2]} (16... d6 $11 {[%eval 3,26] [%wdl 15,974,11]}) 17. b5 $1 $14 d6 18. Qb3 Qb8 19. Qa3 {[%cal Od4d5]} Rfd8 {[#]} 20. d5 $1 e5 21. Nxe5 Nexd5 22. Nxf7 {White is much more active.} (22. Nc6 Bxc6 23. bxc6 (23. cxd5 Bxd5 24. Qb2 Rc5 $17) 23... Nb4 $11) 22... Kxf7 23. cxd5 Bxd5 24. Bc4 {[%eval 15,22] [%wdl 12,985,3]} (24. Nc4 $14 {[%eval 65,24] [%wdl 138,862,0]}) 24... Qb7 $11 25. Qb3 Kf8 $1 26. Qd3 (26. a4 {simplifies} Rc5 27. Bxd5 Qxd5 28. Qxd5 Rxd5 29. Nc4) 26... Qf7 27. Bb3 {[%cal Oc1c6]} Qh5 {[%eval 65,25] [%wdl 143,857,0]} (27... Ng4 $2 28. Qd4 (28. Bxd5 $2 Qxf2+ 29. Kh1 Qxh2#) (28. f3 Nf6 $16) 28... Rxc1 29. Rxc1 Bxb3 30. axb3 $16) (27... Re8 $11 {[%eval 19,25] [%wdl 15,983,2] was preferable.}) 28. Rxc8 Rxc8 29. Qd4 {Some like it hot} Rc5 $1 30. Qf4 Bxb3 31. Qxd6+ Kg8 32. Nxb3 {[%cal Bd2b3,Bb3d4,Bd4e6,Be6f4][%mdl 32]} Rxb5 33. Nd4 $36 {[%mdl 2112] Deflection. White has the initiative.} Rd5 {[%eval 97,23] [%wdl 456,544,0]} (33... Ng4 $11 {[%eval 14,26] [%wdl 7,992,1]} 34. h4 Rb2) 34. Qxb6 $16 Qf7 {[%eval 222,19] [%wdl 999,1,0] [#]} (34... Qg4 $16 {[%eval 105,26] [%wdl 579,421,0]}) 35. Ne6 $1 $18 Qe8 36. Qc7 {[%csl Ge6][%cal Rc7g7]} Rd7 {[%eval 304,21] [%wdl 1000,0,0]} (36... Qf7 $142 {[%eval 214,23] [%wdl 999,1,0]} 37. Qc8+ Qe8) 37. Qxa5 Re7 38. Rd1 {Strongly threatening Rd8.} Qf7 {[%eval 435,22] [%wdl 1000,0,0]} (38... Rxe6 $2 {too greedy.} 39. Rd8 $18) (38... Qc6 {[%eval 292,25] [%wdl 1000,0,0] keeps fighting.}) 39. Rd8+ Ne8 40. Nf4 g5 {[%eval 585,22] [%wdl 1000,0,0]} (40... Qc4 $142 {[%eval 410,23] [%wdl 1000,0,0]} 41. a4 Qe4) 41. Nd5 {White is clearly winning.} Re2 42. Qb6 Kh7 {Artfully played by Aravindh.   Weighted Error Value: White=0.06 (flawless) /Black=0.26 (precise)} 43. Qd4 1-0

[Event "Clash of Generations 2025"]
[Site "Marina di Pietrasanta ITA"]
[Date "2025.06.01"]
[Round "1.1"]
[White "Anand, Viswanathan"]
[Black "Oro, Faustino"]
[Result "1-0"]
[Annotator "Tactical Analysis 7.0"]
[WhiteElo "2743"]
[BlackElo "2454"]
[PlyCount "113"]
[GameId "2184128387700562"]
[EventDate "2025.06.01"]


1. e4 e5 2. Nf3 Nc6 3. Bb5 a6 4. Ba4 Nf6 5. d3 b5 6. Bb3 Bc5 7. c3 d6 8. O-O {C77: Ruy Lopez: 3...a6 4 Ba4 Nf6, unusual lines.} Bb6 9. Nbd2 O-O 10. Re1 {The position is equal.} Ne7 11. d4 $5 {[%eval -27,24] [%wdl 11,920,69][%mdl 4] A promising side line.} (11. h3 $142 {[%eval 18,26] [%wdl 51,934,15]}) 11... Ng6 $11 12. h3 Bb7 13. Bc2 Re8 14. a4 Qd7 15. b3 $146 ({Predecessor:} 15. b4 exd4 16. cxd4 Qc6 17. Bb2 a5 18. axb5 Qd7 19. bxa5 Bxa5 20. Re3 Bxd2 21. Nxd2 Rxa1 22. Qxa1 {1-0 Maciulaityte,B (1512)-Balciunaite,J (1148) LTU-ch U18 Girls Kaunas 2022 (6)}) 15... Rad8 {[%eval 0,26] [%wdl 28,944,28]} (15... Rac8 $15 {[%eval -43,25] [%wdl 6,879,115]}) 16. d5 Nh5 {[%eval 42,22] [%wdl 112,882,6]} (16... c6 $11 {[%eval 0,26] [%wdl 28,944,28]}) 17. Nf1 $14 Bc8 18. Be3 Bxe3 19. fxe3 {[%eval 23,23] [%wdl 40,954,6]} (19. Nxe3 $16 {[%eval 71,24] [%wdl 249,750,1]} c6 20. axb5 axb5 21. c4) 19... c6 $11 20. c4 b4 21. N3h2 Nf6 22. Ng3 h6 {[%eval 52,21] [%wdl 121,877,2]} ({Black should play} 22... c5 $11 {[%eval 0,27] [%wdl 15,969,16]}) 23. Rf1 $14 {[%cal Of1f6]} Nh7 24. Nf5 {[%eval 10,25] [%wdl 23,967,10]} (24. Qe1 $14 {[%eval 49,25] [%wdl 106,892,2] is more appropriate.}) 24... Ne7 $11 25. Nxe7+ {[%eval -39,26] [%wdl 2,936,62]} ({White should try} 25. Qe1 $11 {[%eval 19,26] [%wdl 33,960,7]}) 25... Qxe7 $15 26. dxc6 Qc7 {[%eval 0,28] [%wdl 7,985,8]} (26... a5 $1 $15 {[%eval -41,27] [%wdl 1,943,56]}) 27. a5 $1 $11 Qxc6 28. Qd2 Qc5 29. Nf3 Bb7 30. Ne1 Qa7 31. Ra4 (31. Qf2 Nf6 $17) 31... Ng5 {[%cal Bh7g5,Bg5e4,Be4d2][%mdl 32]} 32. Rxb4 Nxe4 (32... Bxe4 33. h4 Bxc2 34. Nxc2 $16) 33. Qd3 {[%cal Ob4b7] Strongly threatening Rxb7!.} Ba8 {[%eval 77,22] [%wdl 242,758,0]} (33... f5 $11 {[%eval 23,24] [%wdl 20,978,2] remains equal.}) 34. Rb6 $16 d5 {[%eval 131,23] [%wdl 827,173,0] [#]} (34... Rf8 $14 {[%eval 68,23] [%wdl 166,834,0]}) 35. cxd5 {[%eval -2,26] [%wdl 5,989,6]} (35. c5 $1 $16 {[%eval 131,23] [%wdl 827,173,0]}) 35... Bxd5 $11 {Black wants to play ...Qc7.} 36. Qxa6 ({Reject} 36. Rxa6 Qe7 37. Rb6 Ba8 $17) 36... Qxa6 37. Rxa6 Nd2 {[%csl LRb3,LRf1]} 38. Rf2 Nxb3 39. Nf3 Bc4 40. Ra7 {White now steadily converts the win.} Nc1 $2 {[%eval 294,20] [%wdl 1000,0,0][%mdl 8192] [#]} (40... Ra8 $11 {[%eval 7,21] [%wdl 4,994,2] and Black stays safe.} 41. Rxa8 Rxa8) 41. Rc7 $2 {[%eval 110,24] [%wdl 641,359,0]} (41. Ba4 $1 $18 {[%eval 294,20] [%wdl 1000,0,0][%cal Ra4e8]} Re6 42. Rc7) 41... Bd3 $2 {[%eval 335,20] [%wdl 1000,0,0]} (41... Rc8 $16 {[%eval 110,24] [%wdl 641,359,0]} 42. Rxc8 Rxc8) 42. Ba4 $18 Ne2+ {[%eval 487,24] [%wdl 1000,0,0]} (42... Rc8 $142 {[%eval 325,24] [%wdl 1000,0,0]} 43. Bxe8 Rxc7) 43. Kh2 Re6 44. Ne1 Ba6 45. Bb3 {[%cal Of2f7]} Rf6 46. Rxf6 gxf6 47. Rxf7 Kh8 48. Rxf6 Nc1 49. Rxh6+ Kg7 50. Rxa6 Nxb3 {[%mdl 4096] Endgame KRN-KRN. White is 3 pawns up.} 51. Nf3 Rd3 52. Nxe5 Rxe3 53. Ra7+ Kf8 54. Ng6+ Kg8 55. a6 Nc5 56. Re7 Rxe7 {Weighted Error Value: White=0.19 (very precise) /Black=0.60} 57. Nxe7+ 1-0

[Event "Clash of Generations 2025"]
[Site "Marina di Pietrasanta ITA"]
[Date "2025.06.01"]
[Round "2.1"]
[White "Oro, Faustino"]
[Black "Anand, Viswanathan"]
[Result "0-1"]
[Annotator "Tactical Analysis 7.0"]
[WhiteElo "2454"]
[BlackElo "2743"]
[PlyCount "96"]
[GameId "2184139956259171"]
[EventDate "2025.06.01"]


1. e4 e6 2. d4 d5 3. e5 c5 4. c3 Nc6 5. Nf3 Bd7 6. Be2 Nge7 7. O-O Nf5 8. dxc5 {8.dxc5 is better than 8.Bd3.} Bxc5 9. Bd3 {C02: French: Advance Variation.} Nfe7 10. Nbd2 (10. b4 $5 Bb6 $8 11. b5 $11) 10... Ng6 11. Nb3 {White is slightly better.} Bb6 12. Re1 O-O 13. Nbd4 Bc7 {[%cal Rc6e5]} 14. Bxg6 {[%eval 1,22] [%wdl 18,966,16]} (14. Bg5 Qb8 $11) (14. Nxc6 $14 {[%eval 62,25] [%wdl 196,802,2]} bxc6 15. b3) 14... fxg6 $11 15. Qe2 Nxd4 $146 ({Predecessor:} 15... a6 16. Nxc6 Bxc6 17. Nd4 Qe7 18. Qg4 Rae8 19. Bf4 Qf7 20. g3 Bb6 21. Be3 Bxd4 22. Bxd4 Qf5 23. Qxf5 gxf5 24. f4 Kh8 25. Kg2 Kg8 26. Kg1 Kh8 27. Kg2 Kg8 28. Kg1 {½-½ Laddha,S (2373)-Arnav,M (2244) Tamil Nadu IM 5th Chennai 2023 (7)}) 16. cxd4 h6 17. h4 Bb6 18. Bd2 Rc8 19. Rac1 Qe7 20. Qd3 Qf7 {[%cal Oc8c4]} 21. Bb4 Rfe8 {Black is weak on the dark squares} 22. Bc5 Ba5 23. Red1 {[%cal Od3b3]} a6 24. Qa3 Bd8 25. Qb4 Bb5 26. Re1 {[%eval -65,21] [%wdl 0,844,156] Prevents Be2} (26. Qd2 $11 {[%eval -23,28] [%wdl 2,975,23]}) 26... Qf4 {[%eval -23,26] [%wdl 2,975,23]} (26... Qf5 $15 {[%eval -65,21] [%wdl 0,844,156]}) 27. Rc3 Rc7 {[%cal Oc7f7]} (27... Bxh4 28. a4 (28. g3 $2 Bxg3 29. Kg2 Bh4 $17) 28... Bc6 (28... Bxf2+ $2 29. Kxf2 Bc6 30. Kg1 $18) 29. g3 Bxg3 30. fxg3 Qxg3+ 31. Kh1 $14) 28. a4 Bc6 {[%cal Of4f5]} 29. Bb6 {[%eval -58,26] [%wdl 0,884,116]} (29. g3 $11 {[%eval -16,25] [%wdl 3,980,17] might be stronger.} Qf5 30. Nh2) 29... Rf7 $15 30. Bxd8 Rxd8 31. Ree3 Rdf8 32. Rc2 Qg4 {[%cal Rf7f3]} 33. Kh2 {[%eval -150,22] [%wdl 0,64,936]} (33. Qb3 $142 {[%eval -94,26] [%wdl 0,585,415]}) 33... Rf4 34. b3 g5 {[%eval -68,23] [%wdl 0,843,157]} (34... Qf5 $17 {[%eval -114,21] [%wdl 0,326,674]} 35. Rce2 g5 36. hxg5 hxg5) 35. hxg5 hxg5 36. Qe7 Qf5 {Now White is beyond hope.} 37. Nxg5 $2 {[%eval -414,28] [%wdl 0,0,1000][%mdl 8192] [#]} Re8 $19 (37... Qxc2 38. Qxe6+ R8f7 39. Nxf7 Rxf7 40. Rf3 Qh7+ 41. Kg1 Qb1+ 42. Kh2 Qh7+ 43. Kg1 Qb1+ 44. Kh2 Qh7+ $11) 38. Rxc6 Rh4+ {Black is clearly winning.} (38... Rxe7 39. Rc8+ $17) 39. Rh3 Rxh3+ (39... Rxe7 $2 {loses.} 40. Rc8+ $18) 40. gxh3 Qxf2+ 41. Kh1 Rxe7 ({Weaker is} 41... Qe1+ 42. Kg2 Qe2+ (42... Rxe7 43. Rc8+) 43. Kg1 (43. Kg3 Qe1+ 44. Kg2 Qe2+ 45. Kg1 Qe1+ 46. Kg2 $11) 43... Qe1+ (43... Rxe7 44. Rc8+) 44. Kg2 Qe2+ 45. Kg1 Qe1+ 46. Kg2 $11) 42. Rc8+ {[#]} Qf8 $3 43. Rxf8+ Kxf8 {KR-KN} 44. Kg2 Re8 {[%cal Be7e8,Be8c8,Bc8c3,Bc3d3][%mdl 32]} 45. Kf3 Ke7 46. Kg4 Rc8 47. Kh5 Rc3 48. Kg6 {An entertaining game by Anand.   Weighted Error Value: White=0.33/Black=0.08 (flawless)} Rd3 0-1